| 000 | 00640nam a22001935i 4500 | ||
|---|---|---|---|
| 001 | 48427 | ||
| 003 | ES-MaACL | ||
| 005 | 20230906161742.0 | ||
| 007 | t| | ||
| 008 | 950718s1892 fr ||||1| fre d | ||
| 040 |
_aCAM _bspa _cCAM |
||
| 100 | 1 |
_aDebierre, Charles Marie. _9201351 |
|
| 245 | 1 | 0 |
_aVues stéreoscopiques des centres nerveux _b: accompagnées d'un album... avec légendes explicatives / _cpar... Ch. Debierre..., E. Doumer. |
| 260 |
_aParis : _bFelix Alcan, _c1892 ( _fGaston Née) |
||
| 300 |
_a24 h., 48 h. de lám. ; _c19 cm. |
||
| 700 | 1 |
_aDoumer, Emmanuel. _945504 |
|
| 852 |
_aES-MaACL _jF-8712 |
||
| 999 |
_c48427 _d48427 |
||